Maailman pääkaupungit, jotka ovat lähinnä Muscatia - Statistics

Yleistilastot
  • Tätä visaa on pelattu 19 kertaa
  • Keskiarvotulos 13 / 20
Vastaustilastot
km pääkaupunki % Oikein
1191 Riad
100%
1740 Bagdad
94%
418 Abu Dhabi
88%
1747 Sanaa
88%
1503 Teheran
88%
840 Manama
81%
719 Doha
75%
1816 Islamabad
75%
1602 Kabul
75%
1217 Kuwait
69%
1954 New Delhi
69%
2392 Amman
63%
2257 Jerevan
63%
2374 Tbilisi
63%
2030 Baku
44%
2098 Djibouti
44%
1595 Ašgabat
31%
2233 Asmara
31%
1927 Dušanbe
25%
2210 Taškent
19%
Ehtoja vastaavia visoja ei löytynyt
Tulosjakauma
Jokaisen tuloksen saaneiden osuus
Persentiili vastausten määrän mukaan
Tuloshistoriasi
Et ole pelannut tätä visaa